Study guide academic year ...
| Corporate Author: | |
|---|---|
| Format: | Serial |
| Language: | English |
| PhysicalDescription: | zv. fotogr., tab. 21 cm |
| Published: |
Bratislava
Univerzita Komenského
|
| ISBN: | 8022317659 (brož. : r. 2002/2003) 8022319775 (brož. : r. 2004/2005) 8022322253 (brož. : r. 2006/2007) 9788022332545 (brož. : r. 2012/2013) 9788022328777 (brož. r. : 2010/2011) 9788022338905 (brož. : r. 2015/2016) 9788022341318 (brož. : r. 2016/2017) 9788022343411 (brož. : r. 2017/2018) 9788022345415 (brož. : r. 2018/2019) 9788022347235 (brož. : r. 2019/2020) 9788022349871 (brož. : r. 2020/2021) 8022312029 (brož. : r. 1997/1998) 8022313165 (brož. : r. 1998/1999) 802231465X (brož. : r. 1999/2000) 8022315249 (brož. : r. 2000/2001) 8022316539 (brož. : r. 2001/2002) 8022310697 (brož. : r. 1996/1997) 9788022351799 (brož. : r. 2021/2022) 9788022354448 (brož. : r. 2022/2023) 9788022356206 (brož. : r. 2023/2024) 9788022358361 (brož. : r. 2024/2025) 9788022360616 (brož. : r. 2025/2026) |
| Subjects: |
MARC
| LEADER | 00000cas a2200000 a 4500 | ||
|---|---|---|---|
| 001 | vtls001471422 | ||
| 003 | SK-MaSNL | ||
| 005 | 20260425194102.0 | ||
| 008 | 040319c19949999xo ar 0 0a0eng | ||
| 015 | |a SNBE1997/0300839 (r. 1996/1997) |a SNBE1998/01-00161 (r. 1997/1998) |a SNBE1999/01-00456 (r. 1998/1999) |a SNBE2000/04-01527 (r. 1999/2000) |a SNBE2001/03-01716 (r. 2000/2001) |a SNBE2002/04-01789 (r. 2001/2002) |a SNBB2005/02-00566 (r. 2002/2003) |a SNBB2008/01-00277 (r. 2004/2005) |a SNBB2008/01-00278 (r. 2006/2007) |a SNBB2013-(r. 2012/2013) |a SNBB2016-(r. 2010/2011, r. 2015/2016) | ||
| 020 | |a 8022317659 (brož. : r. 2002/2003) | ||
| 020 | |a 8022319775 (brož. : r. 2004/2005) | ||
| 020 | |a 8022322253 (brož. : r. 2006/2007) | ||
| 020 | |a 9788022332545 (brož. : r. 2012/2013) | ||
| 020 | |a 9788022328777 (brož. r. : 2010/2011) | ||
| 020 | |a 9788022338905 (brož. : r. 2015/2016) | ||
| 020 | |a 9788022341318 (brož. : r. 2016/2017) | ||
| 020 | |a 9788022343411 (brož. : r. 2017/2018) | ||
| 020 | |a 9788022345415 (brož. : r. 2018/2019) | ||
| 020 | |a 9788022347235 (brož. : r. 2019/2020) | ||
| 020 | |a 9788022349871 (brož. : r. 2020/2021) | ||
| 020 | |a 8022312029 (brož. : r. 1997/1998) | ||
| 020 | |a 8022313165 (brož. : r. 1998/1999) | ||
| 020 | |a 802231465X (brož. : r. 1999/2000) | ||
| 020 | |a 8022315249 (brož. : r. 2000/2001) | ||
| 020 | |a 8022316539 (brož. : r. 2001/2002) | ||
| 020 | |a 8022310697 (brož. : r. 1996/1997) | ||
| 020 | |a 9788022351799 (brož. : r. 2021/2022) | ||
| 020 | |a 9788022354448 (brož. : r. 2022/2023) | ||
| 020 | |a 9788022356206 (brož. : r. 2023/2024) | ||
| 020 | |a 9788022358361 (brož. : r. 2024/2025) | ||
| 020 | |a 9788022360616 (brož. : r. 2025/2026) | ||
| 035 | |a SNK000426725 | ||
| 040 | |a SNK |b slo |c SNK |e AACR2 | ||
| 041 | 0 | |a eng | |
| 043 | |a e-xo--- | ||
| 044 | |a xo |c SK | ||
| 072 | 7 | |a 378 |x Vysoké školy |2 konspekt | |
| 080 | |a 005 |2 2011 | ||
| 080 | |a 37.091.3 |2 2011 | ||
| 080 | |a (437.6) |2 2011 | ||
| 080 | |a (036) |2 2011 | ||
| 080 | |a (073) |2 2011 | ||
| 080 | |a 378.4 |2 2011 | ||
| 080 | |a (058) |2 2011 | ||
| 110 | 2 | |a Univerzita Komenského v Bratislave. |b Fakulta managementu |9 32775 | |
| 245 | 1 | 0 | |a Study guide |b academic year ... |c Comenius University Faculty of Management |
| 260 | |a Bratislava |b Univerzita Komenského | ||
| 300 | |a zv. |b fotogr., tab. |c 21 cm | ||
| 310 | |a 1x ročne | ||
| 500 | |a Súčasťou podnázvu je označenie akademického roku | ||
| 500 | |a Popis podľa: R. 2002/2003 (vydané v r. 2002) | ||
| 500 | |a Poznámky ; zoznamy | ||
| 650 | 0 | 7 | |a univerzity |2 SNKPH |9 22152 |
| 650 | 0 | 7 | |a manažment |2 SNKPH |9 922 |
| 650 | 0 | 7 | |a štúdium a výučba |2 SNKPH |9 3982 |
| 650 | 0 | 7 | |a Universities |2 SNKPHeng |9 265407 |
| 650 | 0 | 7 | |a Management |2 SNKPHeng |9 265406 |
| 650 | 0 | 7 | |a Study and teaching |2 SNKPHeng |9 265408 |
| 651 | 7 | |a Bratislava (Slovensko) |2 SNKPHgeo |9 14568 | |
| 651 | 7 | |a Bratislava (Slovakia) |2 SNKPHeng |9 171234 | |
| 655 | 7 | |a informačné publikácie |2 SNKPH |9 70181 | |
| 655 | 7 | |a študijné programy |2 SNKPH |9 265409 | |
| 655 | 7 | |a Information publications |2 SNKPHeng |9 265188 | |
| 655 | 7 | |a Educational programs |2 SNKPHeng |9 265410 | |
| 655 | 7 | |a Yearbooks |2 SNKPHeng |9 120938 | |
| 655 | 7 | |a ročenky |2 SNKPH |9 57146 | |
| 910 | |a snk | ||
| 919 | |a 80-223-1765-9 | ||
| 919 | |a 80-223-1977-5 | ||
| 919 | |a 80-223-2225-3 | ||
| 919 | |a 978-80-223-2877-7 | ||
| 919 | |a 978-80-223-3254-5 | ||
| 919 | |a 978-80-223-3890-5 | ||
| 919 | |a 978-80-223-4131-8 | ||
| 919 | |a 978-80-223-4341-1 | ||
| 919 | |a 978-80-223-4541-5 | ||
| 919 | |a 978-80-223-4723-5 | ||
| 919 | |a 978-80-223-4987-1 | ||
| 919 | |a 80-223-1202-9 | ||
| 919 | |a 80-223-1316-5 | ||
| 919 | |a 80-223-1465-X | ||
| 919 | |a 80-223-1524-9 | ||
| 919 | |a 80-223-1653-9 | ||
| 919 | |a 80-223-1069-7 | ||
| 919 | |a 978-80-223-5179-9 | ||
| 919 | |a 978-80-223-5444-8 | ||
| 919 | |a 978-80-223-5620-6 | ||
| 919 | |a 978-80-223-5836-1 | ||
| 919 | |a 978-80-223-6061-6 | ||
| 999 | |c 3597 |d 5527 | ||
| 952 | |t R. 1996-1997 |a SNK |b SNK |y NEVYP |7 0 |o snkC 669 |i snk1252/970319 |0 0 |1 0 |4 0 |d 1997-03-17 |l 0 |r 2005-01-02 00:00:00 |w 2026-02-21 | ||
| 952 | |a SNK |b SNK |y PREZ |7 0 |p 17A0055387 |o snkČSD 1848/A/1996-1997 D1 |i snkKSP 2938/97 |8 0 |0 0 |1 0 |4 0 |d 1997-03-17 |l 0 |r 2005-01-02 00:00:00 |w 2026-02-21 | ||
| 952 | |a SNK |b SNK |y PREZ |7 0 |p 17A0416063 |o snkČSD 1848/A/2002-2003 |i snkPV 180/2004 |0 0 |1 0 |4 0 |d 2004-03-19 |l 0 |r 2005-01-02 00:00:00 |w 2026-02-21 | ||
| 952 | |a SNK |b SNK |y PREZ |7 0 |p 17A0446036 |o snkČSD 1848/A/2004-2005 |i snkPV 1477/2004 |0 0 |1 0 |4 0 |d 2004-11-12 |l 0 |r 2005-01-02 00:00:00 |w 2026-02-21 | ||
| 952 | |a SNK |b SNK |y PREZ |7 0 |p 17A0446037 |o snkČSD 1848/A/2004-2005 D1 |i snkPV 1478/2004 |0 0 |1 0 |4 0 |d 2004-11-12 |l 0 |r 2005-01-02 00:00:00 |w 2026-02-21 | ||
| 952 | |a SNK |b SNK |y PREZ |7 0 |p 17A1556725 |o snkČSD 1848/A/2024-2025 |i snk2025/9356 |8 0 |0 0 |1 0 |4 0 |d 2025-06-12 |l 0 |r 2026-02-21 19:49:13 |w 2026-02-21 | ||
| 952 | |a SNK |b SNK |y PREZ |7 0 |p 17A1523062 |o snkČSD 1848/A/2023-2024 |i snk2024/7657 |8 0 |0 0 |1 0 |4 0 |d 2024-05-16 |l 0 |r 2026-02-21 19:51:28 |w 2026-02-21 | ||
| 952 | |a SNK |b SNK |y PREZ |7 0 |p 17A1433256 |o snkČSD 1848/A/2020-2021 |i snk2021/5479 |8 0 |0 0 |1 0 |4 0 |d 2021-05-24 |l 0 |r 2026-02-21 19:58:52 |w 2026-02-21 | ||
| 952 | |a SNK |b SNK |y PREZ |7 0 |p 17A1433257 |o snkČSD 1848/A/2020-2021 D1 |i snk2021/5481 |8 0 |0 0 |1 0 |4 0 |d 2021-05-24 |l 0 |r 2026-02-21 19:58:52 |w 2026-02-21 | ||
| 952 | |a SNK |b SNK |y PREZ |7 0 |p 17A1558133 |o snkČSD 1848/A/2025-2026 |i snk2025/17474 |8 0 |0 0 |1 0 |4 0 |d 2025-10-30 |l 0 |r 2026-02-21 20:01:59 |w 2026-02-21 | ||
| 952 | |a SNK |b SNK |y PREZ |7 0 |p 17A0055388 |o snkČSD 1848/A/1996-1997 |i snkKSP 2937/97 |0 0 |1 0 |4 0 |d 1997-03-17 |l 0 |r 2005-01-02 00:00:00 |w 2026-02-21 | ||
| 952 | |a SNK |b SNK |y PREZ |7 0 |p 17A0257305 |o snkČSD 1848/A/1999-2000 |i snkKSP 8668/2000 |0 0 |1 0 |4 0 |d 2000-08-24 |l 0 |r 2005-01-02 00:00:00 |w 2026-02-21 | ||
| 952 | |a SNK |b SNK |y PREZ |7 0 |p 17A1519753 |o snkČSD 1848/A/2022-2023 |i snk2023/2599 |8 0 |0 0 |1 0 |4 0 |d 2023-02-13 |l 0 |r 2026-02-21 20:17:55 |w 2026-02-21 | ||
| 952 | |a SNK |b SNK |y PREZ |7 0 |p 17A1464759 |o snkČSD 1848/A/2021-2022 |i snk2022/17466 |8 0 |0 0 |1 0 |4 0 |d 2022-11-23 |l 0 |r 2026-02-21 20:18:03 |w 2026-02-21 | ||
| 952 | |a SNK |b SNK |y PREZ |7 0 |p 17A0502862 |o snkČSD 1848/A/2006-2007 |i snk2006/19973 |8 0 |0 0 |1 0 |4 0 |d 2006-10-05 |l 0 |r 2026-02-21 20:18:19 |w 2026-02-21 | ||
| 952 | |a SNK |b SNK |y PREZ |7 0 |p 17A0502863 |o snkČSD 1848/A/2006-2007 D1 |i snk2006/19974 |8 0 |0 0 |1 0 |4 0 |d 2006-10-05 |l 0 |r 2026-02-21 20:18:19 |w 2026-02-21 | ||
| 952 | |a SNK |b SNK |y PREZ |7 0 |p 17A1383360 |o snkČSD 1848/A/2019-2020 D1 |i snk2019/31905 |8 0 |0 0 |1 0 |4 0 |d 2019-12-12 |l 0 |r 2026-02-21 20:27:28 |w 2026-02-21 | ||
| 952 | |a SNK |b SNK |y PREZ |7 0 |p 17A1383350 |o snkČSD 1848/A/2019-2020 |i snk2019/31700 |8 0 |0 0 |1 0 |4 0 |d 2019-12-10 |l 0 |r 2026-02-21 20:29:34 |w 2026-02-21 | ||
| 952 | |a SNK |b SNK |y PREZ |7 0 |p 17A0249211 |o snkČSD 1848/A/1999-2000 D1 |i snkKSP 8669/2000 |0 0 |1 0 |4 0 |d 2000-08-24 |l 0 |r 2005-01-02 00:00:00 |w 2026-02-21 | ||
| 952 | |a SNK |b SNK |y PREZ |7 0 |p 17A0121168 |o snkČSD 1848/A/1997-1998 |i snkKSP 492/98 |0 0 |1 0 |4 0 |d 1998-01-20 |l 0 |r 2005-01-02 00:00:00 |w 2026-02-21 | ||
| 952 | |a SNK |b SNK |y PREZ |7 0 |p 17A0116746 |o snkČSD 1848/A/1997-1998 D1 |i snkKSP 493/98 |0 0 |1 0 |4 0 |d 1998-01-20 |l 0 |r 2005-01-02 00:00:00 |w 2026-02-21 | ||
| 952 | |a SNK |b SNK |y PREZ |7 0 |p 17A0295641 |o snkČSD 1848/A/2000-2001 D1 |i snkKSP 5176/2001 |0 0 |1 0 |4 0 |d 2001-04-18 |l 0 |r 2005-01-02 00:00:00 |w 2026-02-21 | ||
| 952 | |a SNK |b SNK |y PREZ |7 0 |p 17A0342122 |o snkČSD 1848/A/2001-2002 |i snkKSP 4785/2002 |0 0 |1 0 |4 0 |d 2002-04-26 |l 0 |r 2005-01-02 00:00:00 |w 2026-02-21 | ||
| 952 | |a SNK |b SNK |y PREZ |7 0 |p 17A0342123 |o snkČSD 1848/A/2001-2002 D1 |i snkKSP 4786/2002 |0 0 |1 0 |4 0 |d 2002-04-26 |l 0 |r 2005-01-02 00:00:00 |w 2026-02-21 | ||
| 952 | |a SNK |b SNK |y PREZ |7 0 |p 17A0220757 |o snkČSD 1848/A/1998-1999 |i snkKSP 2455/99 |0 0 |1 0 |4 0 |d 1999-03-10 |l 0 |r 2005-01-02 00:00:00 |w 2026-02-21 | ||
| 952 | |a SNK |b SNK |y PREZ |7 0 |p 17A0183793 |o snkČSD 1848/A/1998-1999 D1 |i snkKSP 2456/99 |0 0 |1 0 |4 0 |d 1999-03-10 |l 0 |r 2005-01-02 00:00:00 |w 2026-02-21 | ||
| 952 | |a SNK |b SNK |y PREZ |7 0 |p 17A0866665 |o snkČSD 1848/A/2012-2013 |i snk2013/1930 |8 0 |0 0 |1 0 |4 0 |d 2013-01-25 |l 0 |r 2026-02-21 21:30:42 |w 2026-02-21 | ||
| 952 | |a SNK |b SNK |y PREZ |7 0 |p 17A0866666 |o snkČSD 1848/A/2012-2013 D1 |i snk2013/1931 |8 0 |0 0 |1 0 |4 0 |d 2013-01-25 |l 0 |r 2026-02-21 21:30:42 |w 2026-02-21 | ||
| 952 | |a SNK |b SNK |y PREZ |7 0 |p 17A0416064 |o snkČSD 1848/A/2002-2003 D1 |i snkPV 181/2004 |0 0 |1 0 |4 0 |d 2004-03-19 |l 0 |r 2005-01-02 00:00:00 |w 2026-02-21 | ||
| 952 | |a SNK |b SNK |y PREZ |7 0 |p 17A0295640 |o snkČSD 1848/A/2000-2001 |i snkKSP 5175/2001 |0 0 |1 0 |4 0 |d 2001-04-18 |l 0 |r 2005-01-02 00:00:00 |w 2026-02-21 | ||
| 952 | |a SNK |b SNK |y PREZ |7 0 |p 17A1268239 |o snkČSD 1848/A/2017-2018 |i snk2018/3659 |8 0 |0 0 |1 0 |4 0 |d 2018-02-08 |l 0 |r 2026-02-21 22:02:08 |w 2026-02-21 | ||
| 952 | |a SNK |b SNK |y PREZ |7 0 |p 17A1268240 |o snkČSD 1848/A/2017-2018 D1 |i snk2018/3660 |8 0 |0 0 |1 0 |4 0 |d 2018-02-08 |l 0 |r 2026-02-21 22:02:08 |w 2026-02-21 | ||
| 952 | |a SNK |b SNK |y PREZ |7 0 |p 17A1203399 |o snkČSD 1848/A/2010-2011 |i snk2016/22819 |8 0 |0 0 |1 0 |4 0 |d 2016-09-30 |l 0 |r 2026-02-21 22:09:42 |w 2026-02-21 | ||
| 952 | |a SNK |b SNK |y PREZ |7 0 |p 17A1203400 |o snkČSD 1848/A/2010-2011 D1 |i snk2016/22820 |8 0 |0 0 |1 0 |4 0 |d 2016-09-30 |l 0 |r 2026-02-21 22:09:42 |w 2026-02-21 | ||
| 952 | |a SNK |b SNK |y PREZ |7 0 |p 17A1203401 |o snkČSD 1848/A/2015-2016 |i snk2016/22822 |8 0 |0 0 |1 0 |4 0 |d 2016-09-30 |l 0 |r 2026-02-21 22:09:42 |w 2026-02-21 | ||
| 952 | |a SNK |b SNK |y PREZ |7 0 |p 17A1203402 |o snkČSD 1848/A/2015-2016 D1 |i snk2016/22823 |8 0 |0 0 |1 0 |4 0 |d 2016-09-30 |l 0 |r 2026-02-21 22:09:42 |w 2026-02-21 | ||
| 952 | |a SNK |b SNK |y PREZ |7 0 |p 17A1203781 |o snkČSD 1848/A/2016-2017 |i snk2016/26404 |8 0 |0 0 |1 0 |4 0 |d 2016-11-10 |l 0 |r 2026-02-21 22:17:31 |w 2026-02-21 | ||
| 952 | |a SNK |b SNK |y PREZ |7 0 |p 17A1203780 |o snkČSD 1848/A/2016-2017 D1 |i snk2016/26406 |8 0 |0 0 |1 0 |4 0 |d 2016-11-10 |l 0 |r 2026-02-21 22:17:31 |w 2026-02-21 | ||
| 952 | |a SNK |b SNK |y PREZ |7 0 |p 17A1341058 |o snkČSD 1848/A/2018-2019 |i snk2019/2585 |8 0 |0 0 |1 0 |4 0 |d 2019-01-29 |l 0 |r 2026-02-21 22:21:02 |w 2026-02-21 | ||
| 952 | |a SNK |b SNK |y PREZ |7 0 |p 17A1341059 |o snkČSD 1848/A/2018-2019 D1 |i snk2019/2586 |8 0 |0 0 |1 0 |4 0 |d 2019-01-29 |l 0 |r 2026-02-21 22:21:02 |w 2026-02-21 | ||


